[Event "XLII Festival B"]
[Site "Imperia ITA"]
[Date "2000.09.03"]
[Round "1"]
[White "Vismara, Daniele"]
[Black "Lucchese, Paolo"]
[WhiteElo "2246"]
[BlackElo "1893"]
[Result "1-0"]
[PlyCount "39"]
[EventDate "2000.09.03"]

1. Nf3 Nf6 2. c4 e6 3. Nc3 d5 4. d4 c6 5. e3 Nbd7 6. Bd3 Bd6 7. O-O O-O 8. e4
dxe4 9. Nxe4 Nxe4 10. Bxe4 Nf6 11. Bc2 h6 12. Qe2 Re8 13. Ne5 c5 14. dxc5 Bxc5
15. Rd1 Qe7 16. Rd3 Rd8 17. Rg3 Kh8 18. Qf3 Bd4 19. Bxh6 gxh6 20. Qf4 1-0